[Event "Women's Speed Chess Q2"]
[Site "chess.com INT"]
[Date "2021.05.29"]
[Round "7"]
[White "Makhija, Aashna"]
[Black "Tarasova, Viktoriya"]
[Result "1/2-1/2"]
[WhiteTitle "WIM"]
[BlackTitle "WIM"]
[WhiteElo "1969"]
[BlackElo "2226"]
[WhiteFideId "25011944"]
[BlackFideId "4175840"]
[EventDate "2021.05.29"]

1. e4 e5 2. Nf3 Nc6 3. Bc4 Bc5 4. O-O Nf6 5. d3 d6 6. c3 a6 7. a4 h6 8. Nbd2 O-O
9. h3 Ba7 10. Re1 Re8 11. Nf1 Be6 12. Bxe6 Rxe6 13. Qc2 Qd7 14. Ng3 d5 15. b4
dxe4 16. dxe4 Rd8 17. b5 Ne7 18. bxa6 bxa6 19. Be3 Bxe3 20. Rxe3 Ng6 21. Ree1
Qc6 22. Red1 Red6 23. Rxd6 Qxd6 24. Rb1 Qd3 25. Qxd3 Rxd3 26. Rb8+ Kh7 27. Ra8
Rxc3 28. Rxa6 c5 29. Rc6 c4 30. a5 Rc1+ 31. Kh2 c3 32. a6 Ra1 33. Rxc3 Rxa6 34.
Rc5 Re6 35. Rc7 Kg8 36. h4 Ng4+ 37. Kg1 Ra6 38. Rc8+ Kh7 39. Nf1 Ra1 40. g3 Nf6
41. Rc4 Ra3 42. Kg2 Ra7 1/2-1/2

[Event "Women's Speed Chess Q2"]
[Site "chess.com INT"]
[Date "2021.05.29"]
[Round "7"]
[White "Mahalakshmi, M"]
[Black "Vargas, Gabriela"]
[Result "1-0"]
[WhiteTitle "WIM"]
[BlackTitle "WIM"]
[WhiteElo "2253"]
[BlackElo "2170"]
[WhiteFideId "5001080"]
[BlackFideId "3700860"]
[EventDate "2021.05.29"]

1. d4 d5 2. c4 e6 3. Nc3 c6 4. Nf3 Bd6 5. e4 Bb4 6. e5 Ne7 7. a3 Bxc3+ 8. bxc3
c5 9. Bg5 h6 10. Bh4 Nbc6 11. Be2 dxc4 12. Bxc4 cxd4 13. cxd4 Qa5+ 14. Kf1 Nf5
15. Bg3 O-O 16. Bf4 Rd8 17. Be3 b5 18. Bd3 Ba6 19. Bxf5 exf5 20. g3 Rd5 21. Kg2
Rad8 22. Qc2 Bb7 23. Qxf5 Nxd4 24. Bxd4 Rxd4 25. e6 fxe6 26. Qxe6+ Kh8 27. Rhe1
Qc3 28. Qf7 Rd3 29. Qxb7 R8d7 30. Qa8+ Kh7 31. Qe4+ Kh8 32. Qf5 1-0

[Event "Women's Speed Chess Q2"]
[Site "chess.com INT"]
[Date "2021.05.29"]
[Round "7"]
[White "Shvedova, Alexandra"]
[Black "Dworakowska, Joanna"]
[Result "1-0"]
[WhiteTitle "WFM"]
[BlackTitle "IM"]
[WhiteElo "1976"]
[BlackElo "2322"]
[WhiteFideId "54154782"]
[BlackFideId "1107445"]
[EventDate "2021.05.29"]

1. e4 c5 2. Ne2 d6 3. g3 Nf6 4. Bg2 g6 5. c3 Bg7 6. d4 cxd4 7. cxd4 O-O 8. O-O
Nc6 9. Nbc3 Bd7 10. h3 Rc8 11. Be3 a6 12. f4 Na5 13. b3 b5 14. e5 Ne8 15. Qd2
Nc7 16. Bf2 Ne6 17. Rac1 b4 18. Nd5 Bb5 19. Nxb4 Bxe2 20. Qxe2 Qd7 21. Nd5 Rb8
22. Qxa6 Ra8 23. Qe2 Rfb8 24. b4 Nb7 25. Nb6 Qd8 26. Nxa8 Rxa8 27. Bxb7 Rb8 28.
Bg2 dxe5 29. dxe5 Qe8 30. Bc6 Qd8 31. b5 h5 32. Rfd1 Qa5 33. b6 h4 34. b7 hxg3
35. Bxg3 Qb6+ 36. Qf2 Qb4 37. Bg2 Bf8 38. Rc8 Rxb7 39. Bxb7 Qxb7 40. Rdc1 Qe4
41. R8c4 Qf5 42. a4 Qxh3 43. a5 Bh6 44. a6 g5 45. a7 gxf4 46. a8=Q+ Kg7 47. Bxf4
Bxf4 48. Rxf4 1-0

[Event "Women's Speed Chess Q2"]
[Site "chess.com INT"]
[Date "2021.05.29"]
[Round "7"]
[White "Komiagina, Maria"]
[Black "Smirnova, Ekaterina"]
[Result "1/2-1/2"]
[WhiteTitle "WIM"]
[BlackTitle "WIM"]
[WhiteElo "2241"]
[BlackElo "2240"]
[WhiteFideId "4153987"]
[BlackFideId "4110943"]
[EventDate "2021.05.29"]

1. e4 e6 2. d4 d5 3. exd5 exd5 4. Nf3 Bg4 5. h3 Bh5 6. Be3 Nc6 7. Nbd2 Bd6 8.
Bd3 Nge7 9. c3 Qd7 10. Qc2 Bg6 11. Nh4 Bxd3 12. Qxd3 g6 13. O-O-O f5 14. Bg5
O-O-O 15. Nhf3 Rde8 16. Rhe1 h6 17. Bf6 Rhg8 18. Ne5 Bxe5 19. dxe5 Nd8 20. Bxe7
Rxe7 21. Nf3 c6 22. Qe3 Kb8 23. Qxh6 Ne6 24. Qd2 g5 25. Nd4 Rf7 26. f3 f4 27.
Re2 Rd8 28. Qc2 Nxd4 29. cxd4 Qe6 30. Kb1 Rc8 31. Qc5 Rd7 32. Rc2 b6 33. Qb4 Kb7
34. a4 a5 35. Qc3 Rdc7 36. Qd3 Rd7 37. Ka2 Rdc7 38. Rdc1 Ra8 39. Qb3 Rac8 40.
Qd3 Ra8 41. Rh1 Rh8 42. Rc3 Rch7 43. Rhc1 Rc7 44. R3c2 Rhc8 45. b3 Rh8 46. Kb2
Rhc8 47. Ka2 Rh8 48. Kb2 1/2-1/2

[Event "Women's Speed Chess Q2"]
[Site "chess.com INT"]
[Date "2021.05.29"]
[Round "7"]
[White "Secopito, Catherine"]
[Black "Golubenko, Valentina"]
[Result "0-1"]
[WhiteTitle "WIM"]
[BlackTitle "WGM"]
[WhiteElo "2075"]
[BlackElo "2209"]
[WhiteFideId "5202744"]
[BlackFideId "4501993"]
[EventDate "2021.05.29"]

1. d4 g6 2. c4 c5 3. Nf3 Bg7 4. Nc3 cxd4 5. e3 dxc3 6. bxc3 Bxc3+ 7. Bd2 Bxa1 8.
Qxa1 Nf6 9. h4 h5 10. Bd3 d6 11. Ng5 Nc6 12. Bc3 e5 13. Qb1 Rg8 14. O-O Qe7 15.
Re1 b6 16. f4 Bb7 17. f5 O-O-O 18. fxg6 fxg6 19. Bxg6 Kb8 20. a4 e4 21. Bf5 Ne5
22. a5 Nxc4 23. axb6 Nxb6 24. Qa1 Nfd5 25. Bd4 Rxg5 26. hxg5 Qxg5 27. Bxe4 Rg8
28. Qb2 h4 29. Rd1 h3 30. Qf2 hxg2 31. Qf7 Nc7 32. Bf6 Qg4 0-1

[Event "Women's Speed Chess Q2"]
[Site "chess.com INT"]
[Date "2021.05.29"]
[Round "7"]
[White "Bodnaruk, Anastasia"]
[Black "Mrudul, Dehankar"]
[Result "1-0"]
[WhiteTitle "IM"]
[BlackTitle "WIM"]
[WhiteElo "2457"]
[BlackElo "2256"]
[WhiteFideId "4181751"]
[BlackFideId "25096990"]
[EventDate "2021.05.29"]

1. e4 c5 2. Nc3 Nc6 3. Bb5 Nd4 4. Bc4 g6 5. Nf3 Bg7 6. Nxd4 cxd4 7. Qf3 Nh6 8.
Ne2 O-O 9. d3 Qb6 10. Qg3 d6 11. h4 Be6 12. Bxe6 fxe6 13. h5 Rf6 14. Bg5 Qb4+
15. Kf1 Qxb2 16. Re1 Raf8 17. Bxf6 Rxf6 18. Nf4 Qxc2 19. hxg6 hxg6 20. Nxg6 Ng4
21. Nxe7+ Kf8 22. Rh7 Rxf2+ 23. Kg1 Qd2 24. Rb1 Rxg2+ 25. Qxg2 Qe3+ 26. Kf1
Qxd3+ 27. Qe2 1-0

[Event "Women's Speed Chess Q2"]
[Site "chess.com INT"]
[Date "2021.05.29"]
[Round "7"]
[White "Girya, Olga"]
[Black "Papp, Petra"]
[Result "0-1"]
[WhiteTitle "WGM"]
[BlackTitle "WGM"]
[WhiteElo "2451"]
[BlackElo "2336"]
[WhiteFideId "4195752"]
[BlackFideId "739049"]
[EventDate "2021.05.29"]

1. d4 Nf6 2. Nf3 c5 3. d5 b5 4. Bg5 e6 5. c4 bxc4 6. Nc3 d6 7. e4 e5 8. Bxc4 Be7
9. Be3 Ng4 10. Bd2 O-O 11. h3 Nf6 12. O-O a5 13. a4 Na6 14. Re1 Nb4 15. Nb5 Bd7
16. Bc3 Ne8 17. Nd2 Nc7 18. Nxc7 Qxc7 19. Nf1 f5 20. Bxe5 fxe4 21. Rxe4 Bf5 22.
Re2 Qd7 23. Bc3 Bh4 24. Ng3 Bg6 25. Qd2 Rf7 26. Rae1 Raf8 27. Bb5 Qd8 28. Re8
Qc7 29. Rxf8+ Rxf8 30. Re2 h6 31. Bc4 Kh7 32. Qe1 Qf7 33. Qd2 Bg5 34. Qd1 Bh4
35. Bxb4 cxb4 36. Bd3 Kh8 37. Bxg6 Qxg6 38. Kh2 Rxf2 39. Ne4 Qxg2# 0-1

[Event "Women's Speed Chess Q2"]
[Site "chess.com INT"]
[Date "2021.05.29"]
[Round "7"]
[White "Socko, Monika"]
[Black "Gaponenko, Inna"]
[Result "1-0"]
[WhiteTitle "GM"]
[BlackTitle "IM"]
[WhiteElo "2421"]
[BlackElo "2357"]
[WhiteFideId "1106619"]
[BlackFideId "14101181"]
[EventDate "2021.05.29"]

1. c4 g6 2. Nc3 Bg7 3. d4 c5 4. Nf3 cxd4 5. Nxd4 Nc6 6. e3 Nf6 7. Be2 O-O 8. O-O
d5 9. b3 e5 10. Nxc6 bxc6 11. Bb2 Be6 12. Na4 Nd7 13. cxd5 cxd5 14. Bf3 Qa5 15.
Qe1 Qxe1 16. Rfxe1 Rfc8 17. Rac1 e4 18. Bxg7 Kxg7 19. Be2 Nb6 20. Nc5 Kf6 21.
Ba6 Rd8 22. Red1 Ke7 23. Nb7 Rd7 24. Na5 Kf6 25. Rc5 Re7 26. Bb7 Rae8 27. Ba6
Ra8 28. Nc6 Rc7 29. Rdc1 Re8 30. Nd4 Rxc5 31. Rxc5 Re7 32. Kf1 Rd7 33. Ke2 Rd6
34. Bb5 Bd7 35. Ba6 Be6 36. h3 Nd7 37. Ra5 Ne5 38. Bb5 1-0

[Event "Women's Speed Chess Q2"]
[Site "chess.com INT"]
[Date "2021.05.29"]
[Round "7"]
[White "Kulkarni, Bhakti"]
[Black "Zhai, Mo"]
[Result "1-0"]
[WhiteTitle "IM"]
[BlackTitle "WGM"]
[WhiteElo "2391"]
[BlackElo "2366"]
[WhiteFideId "5019516"]
[BlackFideId "8600201"]
[EventDate "2021.05.29"]

1. d4 Nf6 2. Nf3 b6 3. e3 Bb7 4. Bd3 g6 5. O-O Bg7 6. b3 O-O 7. Bb2 c5 8. Nbd2
d6 9. c4 cxd4 10. Nxd4 Nc6 11. N2f3 Rc8 12. Qe2 Nxd4 13. Nxd4 Nd7 14. Rad1 Qc7
15. Nb5 Qb8 16. Bxg7 Kxg7 17. Qb2+ Kg8 18. Qd4 a6 19. Nc3 Nf6 20. Qxb6 Qa8 21.
f3 Rfd8 22. e4 Rc5 23. Nd5 Bxd5 24. cxd5 Rb8 25. Qxa6 Qxa6 26. Bxa6 Ra5 27. Bc4
Rxa2 28. Ra1 Rc2 29. Rfc1 Rxc1+ 30. Rxc1 Nd7 31. Ra1 Nc5 32. Ra3 f5 33. exf5
gxf5 34. Kf2 Kf7 35. g3 Kf6 36. Ke3 h5 37. Kd4 h4 38. gxh4 Rh8 39. b4 Rxh4+ 40.
Kc3 Nd7 41. b5 Rxh2 42. Ra6 Rh3 43. Be2 Ke5 44. b6 Kxd5 45. b7 Rh8 46. Ra5+ Kc6
47. Bb5+ Kb6 48. Bxd7 Rb8 49. Rb5+ Ka6 50. Kb4 Rxb7 51. Bc8 1-0

[Event "Women's Speed Chess Q2"]
[Site "chess.com INT"]
[Date "2021.05.29"]
[Round "7"]
[White "Zaichenko, Daria"]
[Black "Selkirk, Rebecca"]
[Result "1-0"]
[WhiteTitle "WFM"]
[BlackTitle "WCM"]
[WhiteElo "2104"]
[BlackElo "1799"]
[WhiteFideId "4197453"]
[BlackFideId "14306514"]
[EventDate "2021.05.29"]

1. e4 c6 2. d4 d5 3. Nc3 dxe4 4. Nxe4 Nd7 5. Ng5 Ngf6 6. Bd3 e6 7. N1f3 Be7 8.
Ne4 O-O 9. O-O Nxe4 10. Bxe4 Nf6 11. Bd3 c5 12. c3 b6 13. Be3 Bb7 14. Ne5 Rc8
15. Rc1 Bd6 16. f4 Bb8 17. Qe2 Nd5 18. Rcd1 Nxe3 19. Qxe3 Qd5 20. Rf3 f6 21. Ng4
f5 22. Ne5 Rf6 23. c4 Qxd4 24. Qxd4 cxd4 25. Rf2 Rd8 26. Rfd2 Bxe5 27. fxe5 Rf7
28. Be2 Rfd7 29. Kf2 Be4 30. Bf3 Bxf3 31. gxf3 Kf7 32. f4 h6 33. Rd3 g5 34. Kf3
a6 35. b3 b5 36. c5 Rd5 37. b4 a5 38. a3 axb4 39. axb4 Ra8 40. Rxd4 Ra3+ 41. Kg2
Ra2+ 42. Kg1 gxf4 43. Rxd5 exd5 44. Rxd5 Ra1+ 45. Kg2 Ke6 46. Rd6+ Kxe5 47. Rxh6
Ra2+ 48. Kf3 Rb2 49. Rh8 Rxb4 50. Re8+ Kf6 51. c6 Rc4 52. Rc8 b4 53. c7 b3 54.
Rf8+ Ke7 55. c8=Q Rxc8 56. Rxc8 Kd7 57. Rb8 1-0

[Event "Women's Speed Chess Q2"]
[Site "chess.com INT"]
[Date "2021.05.29"]
[Round "7"]
[White "Assaubayeva, Bibisara"]
[Black "Ambartsumova, Karina"]
[Result "1/2-1/2"]
[WhiteTitle "IM"]
[BlackTitle "IM"]
[WhiteElo "2381"]
[BlackElo "2382"]
[WhiteFideId "13708694"]
[BlackFideId "4166299"]
[EventDate "2021.05.29"]

1. d4 Nf6 2. c4 e6 3. Nf3 d5 4. Nc3 Bb4 5. Qa4+ Nc6 6. e3 O-O 7. Bd2 dxc4 8.
Bxc4 a6 9. Qc2 Bd6 10. O-O e5 11. dxe5 Nxe5 12. Nxe5 Bxe5 13. f4 Bd6 14. e4 Bc5+
15. Kh1 Ng4 16. h3 Nf2+ 17. Kh2 Ng4+ 18. Kg3 Ne3 19. Bxe3 Bxe3 20. Rae1 Bc5 21.
e5 c6 22. Kh2 Qc7 23. Ne4 Be7 24. Qf2 b5 25. Bd3 Kh8 26. Qg3 Bf5 27. Nf2 Bxd3
28. Qxd3 Rad8 29. Qe3 c5 30. f5 c4 31. Kh1 Bc5 32. Qg5 Bxf2 33. Rxf2 f6 34. exf6
Rxf6 35. Rfe2 Rg8 36. Re7 Qd6 37. Qh5 h6 38. Re8 Rxe8 39. Qxe8+ Kh7 40. Re6 Rxe6
41. fxe6 Qd1+ 42. Kh2 Qd6+ 43. Kg1 Qd1+ 44. Kf2 Qd2+ 45. Kf3 Qd3+ 46. Kf4 Qd4+
47. Kg3 Qe3+ 48. Kh2 Qf4+ 49. Kg1 Qc1+ 50. Kh2 Qf4+ 51. Kh1 Qf1+ 52. Kh2 Qf4+ 1/2-1/2

[Event "Women's Speed Chess Q2"]
[Site "chess.com INT"]
[Date "2021.05.29"]
[Round "7"]
[White "Nikolova, Adriana"]
[Black "Priyanka, K"]
[Result "0-1"]
[WhiteTitle "WGM"]
[BlackTitle "WIM"]
[WhiteElo "2243"]
[BlackElo "2218"]
[WhiteFideId "2908689"]
[BlackFideId "5082986"]
[EventDate "2021.05.29"]

1. d4 Nf6 2. Bf4 g6 3. Nf3 Bg7 4. e3 d6 5. h3 O-O 6. Bh2 Nbd7 7. Be2 b6 8. O-O
Bb7 9. c4 Ne4 10. Qc2 e5 11. Nbd2 Nxd2 12. Qxd2 Qe7 13. d5 f5 14. Rfe1 a5 15. b3
g5 16. e4 f4 17. a3 h5 18. Qc3 g4 19. Nd2 Qg5 20. Kh1 Nf6 21. f3 gxh3 22. gxh3
Qh4 23. Rg1 Qxh3 24. Rg6 Ng4 25. Nf1 Kh7 26. Rg5 Bh6 27. Rf5 Rxf5 28. exf5 Rg8
29. fxg4 Qxc3 30. Kg1 Qxa1 31. Kf2 Qd4+ 32. Ke1 hxg4 33. Bg1 Qe4 34. Kd2 f3+ 35.
Kd1 Qxe2# 0-1

[Event "Women's Speed Chess Q2"]
[Site "chess.com INT"]
[Date "2021.05.29"]
[Round "7"]
[White "Singgih, Diajeng Theresa"]
[Black "Mordido, Kylen Joy"]
[Result "0-1"]
[WhiteTitle "WFM"]
[BlackTitle "WIM"]
[WhiteElo "1972"]
[BlackElo "2014"]
[WhiteFideId "7104391"]
[BlackFideId "5219086"]
[EventDate "2021.05.29"]

1. e4 c5 2. Nf3 e6 3. c3 d5 4. exd5 Qxd5 5. d4 Nf6 6. c4 Qe4+ 7. Be2 cxd4 8.
Nxd4 Qxg2 9. Bf3 Qg6 10. Nb5 Na6 11. Qa4 Nd7 12. N1c3 Bb4 13. Bd2 O-O 14. Be4
Qg4 15. f3 Qg2 16. O-O-O Ndc5 17. Qc2 Nxe4 18. Nxe4 Bxd2+ 19. Nxd2 Qg6 20. Ne4
e5 21. Rhg1 Qh6+ 22. Kb1 Bf5 23. Nbd6 Bg6 24. Nxb7 Rab8 25. Nbd6 Nb4 26. Qc3
Rfd8 27. Qxe5 Nc6 28. Qc5 Ne7 29. Ka1 Qf4 30. Qg5 Qxh2 31. Rg2 Qh3 32. Rdg1 Qe6
33. c5 Nd5 34. Ng3 Nb4 35. b3 Nxa2 0-1

[Event "Women's Speed Chess Q2"]
[Site "chess.com INT"]
[Date "2021.05.29"]
[Round "7"]
[White "Farhat Willemstein, Stela Souza"]
[Black "Grigoryan, Meri"]
[Result "0-1"]
[WhiteTitle "WFM"]
[BlackTitle "WFM"]
[WhiteElo "1758"]
[BlackElo "2044"]
[WhiteFideId "2109808"]
[BlackFideId "13300571"]
[EventDate "2021.05.29"]

1. e4 e5 2. Nf3 Nc6 3. Bc4 Nf6 4. d3 Bc5 5. Nc3 O-O 6. O-O d6 7. h3 Na5 8. Bb3
Nxb3 9. axb3 Re8 10. Bg5 h6 11. Bh4 c6 12. Na4 Bb4 13. c3 Ba5 14. b4 Bc7 15. c4
g5 16. Bg3 d5 17. cxd5 cxd5 18. exd5 Nxd5 19. d4 e4 20. Ne5 Bf5 21. Qh5 Qf6 22.
Nc5 Nf4 23. Qd1 Bxe5 24. dxe5 Qxe5 25. Nd7 Qxb2 26. Nf6+ Qxf6 27. Re1 Nd3 28.
Re3 Rad8 29. Qa4 a6 30. Qb3 Qxa1+ 31. Kh2 Qf6 32. Qc4 Ne5 33. Qc5 Nd3 34. Qc7 h5
35. Rxd3 exd3 36. Be5 Qxe5+ 37. Qxe5 Rxe5 38. Kg3 d2 39. f4 Re3+ 40. Kf2 gxf4
41. g3 d1=Q 42. gxf4 Qe2+ 43. Kg1 Rd1# 0-1

[Event "Women's Speed Chess Q2"]
[Site "chess.com INT"]
[Date "2021.05.29"]
[Round "7"]
[White "Serikbay, Assel"]
[Black "Morris-Suzuki, Sophie"]
[Result "0-1"]
[WhiteTitle "WIM"]
[BlackTitle "WFM"]
[WhiteElo "2228"]
[BlackElo "2043"]
[WhiteFideId "13706799"]
[BlackFideId "30922615"]
[EventDate "2021.05.29"]

1. d4 Nf6 2. c4 e6 3. g3 d5 4. Nf3 Be7 5. Bg2 O-O 6. O-O dxc4 7. Qc2 a6 8. Qxc4
b5 9. Qc2 Bb7 10. Bf4 Nc6 11. Rd1 Nb4 12. Qc1 Rc8 13. a3 Nbd5 14. b4 Nxf4 15.
Qxf4 c5 16. bxc5 Bxc5 17. Nbd2 Nd5 18. Qg4 Bb6 19. Ne5 Qe7 20. e3 Nc3 21. Re1
Bxg2 22. Kxg2 Qb7+ 23. Kg1 Rc7 24. h4 Rfc8 25. h5 h6 26. Qf4 Qd5 27. Ng4 Ba5 28.
e4 Qxd4 29. Nb3 Qb6 30. Nxa5 Qxa5 31. Nxh6+ gxh6 32. Qxh6 b4 33. e5 b3 34. Qf6
Qc5 35. h6 Qf8 36. Kg2 b2 37. Rad1 Kh7 38. Rd4 Nd5 39. Qg5 Qg8 40. Qh5 Qg6 0-1

[Event "Women's Speed Chess Q2"]
[Site "chess.com INT"]
[Date "2021.05.29"]
[Round "7"]
[White "Sviridova, Vlada"]
[Black "Nurmanova, Alua"]
[Result "1-0"]
[WhiteTitle "WFM"]
[BlackTitle "WFM"]
[WhiteElo "2144"]
[BlackElo "2008"]
[WhiteFideId "24109606"]
[BlackFideId "13729390"]
[EventDate "2021.05.29"]

1. d4 Nf6 2. c4 g6 3. Nc3 Bg7 4. e4 d6 5. Nf3 O-O 6. Be2 e5 7. O-O Nc6 8. d5 Ne7
9. Ne1 Ne8 10. Be3 f5 11. f3 f4 12. Bf2 g5 13. Nd3 Ng6 14. c5 h5 15. Rc1 Bh6 16.
Nb5 a6 17. Na3 g4 18. Kh1 g3 19. Bg1 Rf7 20. Nc4 Nh4 21. Ne1 Rg7 22. Rc2 Bh3 23.
Bd3 Nxg2 24. Nxg2 Bxg2+ 25. Rxg2 h4 26. hxg3 hxg3 27. Bh2 Qh4 28. Qe1 Nf6 29.
Rfg1 Qh3 30. Rxg3 fxg3 31. Rxg3 Qh5 32. Rxg7+ Kxg7 33. Be2 Bf4 34. Qg1+ Kf7 35.
cxd6 Rh8 36. dxc7 Bxh2 37. Nd6+ Ke7 38. Nf5+ Qxf5 39. Qg7+ Kd6 40. exf5 1-0

[Event "Women's Speed Chess Q2"]
[Site "chess.com INT"]
[Date "2021.05.29"]
[Round "7"]
[White "Ribeiro, Regina"]
[Black "Varney, Zoe"]
[Result "1-0"]
[WhiteTitle "WIM"]
[BlackTitle "WCM"]
[WhiteElo "1920"]
[BlackElo "1917"]
[WhiteFideId "2100681"]
[BlackFideId "436135"]
[EventDate "2021.05.29"]

1. Nf3 d5 2. b3 Nf6 3. Bb2 Nbd7 4. e3 c6 5. d4 e6 6. Bd3 Bd6 7. O-O O-O 8. Ne5
Qc7 9. f4 b6 10. Nd2 Bb7 11. Qe1 c5 12. c4 dxc4 13. Ndxc4 Bxe5 14. dxe5 Nd5 15.
Nd6 Rad8 16. Rd1 Ba8 17. Bxh7+ Kxh7 18. Qh4+ Kg8 19. Rf3 Rfe8 20. Rh3 Kf8 21.
Qh8+ Ke7 22. Qxg7 Rf8 23. Rh7 Qc6 24. e4 Nxf4 25. Qg5+ Nf6 26. exf6+ Kd7 27.
Nc4+ Kc8 28. Rxd8+ Rxd8 29. Qxf4 Rd1+ 30. Kf2 Qxe4 31. Qxe4 Bxe4 32. Rh8+ Kc7
33. Ne5 Rd2+ 34. Ke3 Rxb2 35. Kxe4 Rxg2 36. Nxf7 Rxa2 37. Ne5 Re2+ 38. Kf3 Rb2
39. f7 Rxb3+ 40. Kf4 Rb2 41. f8=Q a5 42. Qd8+ Kb7 43. Qc8+ Ka7 44. Rh7# 1-0

[Event "Women's Speed Chess Q2"]
[Site "chess.com INT"]
[Date "2021.05.29"]
[Round "7"]
[White "Gu, Xiaobing"]
[Black "Linares Napoles, Oleiny"]
[Result "0-1"]
[WhiteTitle "WGM"]
[BlackTitle "WGM"]
[WhiteElo "2263"]
[BlackElo "2255"]
[WhiteFideId "8602611"]
[BlackFideId "3504794"]
[EventDate "2021.05.29"]

1. e4 d6 2. d4 g6 3. Nc3 Bg7 4. Be3 a6 5. Qd2 b5 6. a4 b4 7. Nce2 a5 8. c3 Bb7
9. f3 bxc3 10. Nxc3 Nd7 11. Bc4 Ngf6 12. Nge2 O-O 13. h4 d5 14. Bd3 e5 15. Bg5
c6 16. exd5 cxd5 17. Bb5 exd4 18. Qxd4 h6 19. Be3 Qe7 20. Qd2 Rfe8 21. Kf2 Kh7
22. Rae1 Qd6 23. Nd4 Rac8 24. g4 Re7 25. g5 Nh5 26. gxh6 Qg3+ 27. Ke2 Bxh6 28.
Kd3 Nc5+ 29. Kc2 Rxe3 30. Rxe3 Rc7 31. Qe1 Bxe3 32. Qxg3 Nxg3 33. Rd1 Bxd4 34.
Rxd4 Nf5 35. Rd1 d4 36. Na2 Nxa4+ 37. Kb1 Nc5 38. b4 axb4 39. Nxb4 Bxf3 40. Rf1
Be4+ 41. Kb2 Rb7 42. Ka3 Rxb5 43. Rc1 Nd3 44. Nxd3 Bxd3 45. Rc7 Kg7 46. Rd7 Be4
47. Ka4 Rb1 48. h5 gxh5 49. Ka3 h4 50. Ka2 h3 51. Rb7 Rxb7 0-1

[Event "Women's Speed Chess Q2"]
[Site "chess.com INT"]
[Date "2021.05.29"]
[Round "7"]
[White "Vantika, Agrawal"]
[Black "Arabidze, Meri"]
[Result "1-0"]
[WhiteTitle "WIM"]
[BlackTitle "IM"]
[WhiteElo "2286"]
[BlackElo "2436"]
[WhiteFideId "25050389"]
[BlackFideId "13604040"]
[EventDate "2021.05.29"]

1. d4 d5 2. c4 e6 3. Nf3 Nf6 4. g3 Bb4+ 5. Nbd2 O-O 6. Bg2 b6 7. O-O Bb7 8. b3
c5 9. Bb2 cxd4 10. Nxd4 Qe7 11. Rc1 dxc4 12. Nxc4 Bxg2 13. Kxg2 Qb7+ 14. Kg1 Na6
15. Qd3 Bc5 16. Qf3 Qxf3 17. Nxf3 Ne4 18. a3 Rac8 19. b4 Be7 20. Rfd1 Nb8 21.
Nd4 Rfd8 22. f3 Nf6 23. e4 h6 24. Kg2 Nc6 25. Nxb6 axb6 26. Nxc6 Rxd1 27. Nxe7+
Kh7 28. Nxc8 Rd2+ 29. Kg1 Rxb2 30. Nxb6 g5 31. Nc4 Ra2 32. b5 g4 33. fxg4 Nxe4
34. b6 Ng5 35. b7 Nf3+ 36. Kf1 Nxh2+ 37. Ke1 Nf3+ 38. Kd1 Nd2 39. b8=Q Ne4 40.
Qb1 f5 41. Qxa2 1-0

[Event "Women's Speed Chess Q2"]
[Site "chess.com INT"]
[Date "2021.05.29"]
[Round "7"]
[White "Narva, Mai"]
[Black "Eswaran, Ashritha"]
[Result "1/2-1/2"]
[WhiteTitle "WIM"]
[BlackTitle "WIM"]
[WhiteElo "2276"]
[BlackElo "2244"]
[WhiteFideId "4500512"]
[BlackFideId "2080788"]
[EventDate "2021.05.29"]

1. e4 c5 2. Nf3 d6 3. d4 cxd4 4. Nxd4 Nf6 5. Nc3 g6 6. Be3 Bg7 7. f3 Nc6 8. Qd2
O-O 9. Bc4 Bd7 10. Bb3 Ne5 11. O-O-O Rc8 12. Bh6 Nc4 13. Bxc4 Rxc4 14. Bxg7 Kxg7
15. h4 h5 16. g4 hxg4 17. h5 Rh8 18. hxg6 fxg6 19. fxg4 Nxg4 20. Nf3 Qf8 21.
Rhf1 Rc5 22. Qd4+ Qf6 23. e5 Nxe5 24. Ne4 Qf4+ 25. Nfd2 Qh4 26. Kb1 Bf5 27. a3
Bxe4 28. Qxe4 Qxe4 29. Nxe4 Rcc8 30. Ng5 Rh5 31. Ne6+ Kh6 32. b3 Rc3 33. Rd2 Rf3
34. Rg1 Rf6 35. Nd4 g5 36. Rg3 Kg6 37. c4 Rh1+ 38. Kc2 g4 39. Re2 Kg5 40. c5 Nf3
41. Ne6+ Kh4 42. Rgg2 dxc5 43. Kc3 Nd4 44. Nxd4 cxd4+ 45. Kxd4 g3 46. Re3 Rg6
47. Rxe7 Kh3 48. Rd2 g2 49. Rh7+ Kg3 50. Rd3+ Kf2 51. Rf7+ Ke2 52. Re7+ Kf2 53.
Rf7+ Ke2 54. Re7+ Kf2 55. Rf7+ 1/2-1/2

[Event "Women's Speed Chess Q2"]
[Site "chess.com INT"]
[Date "2021.05.29"]
[Round "7"]
[White "Borisova, Ekaterina"]
[Black "Mendoza, Shania Mae"]
[Result "0-1"]
[WhiteTitle "FM"]
[BlackTitle "WFM"]
[WhiteElo "2268"]
[BlackElo "2158"]
[WhiteFideId "34124184"]
[BlackFideId "5211158"]
[EventDate "2021.05.29"]

1. d4 d5 2. c4 c6 3. Nf3 Nf6 4. g3 e6 5. Bg2 Nbd7 6. O-O dxc4 7. a4 Rb8 8. Qc2
b5 9. axb5 cxb5 10. Rxa7 Qb6 11. Ra1 Bd6 12. e4 e5 13. dxe5 Nxe5 14. Be3 Nxf3+
15. Bxf3 Bc5 16. Bf4 O-O 17. Bxb8 Qxb8 18. Nc3 Be6 19. Nd5 Qe5 20. Rad1 h6 21.
b3 Nxd5 22. exd5 Bf5 23. Qc1 c3 24. d6 Bxd6 25. Rd5 Qf6 26. Rxb5 Bd3 27. Rd5
Bxf1 28. Qxf1 Qxf3 29. Rxd6 Rc8 30. Qa6 Qf5 31. Rc6 Rxc6 32. Qxc6 Qb1+ 33. Kg2
Qxb3 34. Qe8+ Kh7 35. Qe4+ g6 36. Qd3 Qb7+ 37. Kh3 Qc8+ 38. g4 c2 39. Qf3 Qc7
40. Qf6 c1=Q 41. Qf3 Q1c3 42. Qxc3 Qxc3+ 43. Kg2 Qc6+ 44. Kg3 f5 45. f3 Qd6+ 46.
f4 fxg4 47. Kh4 Qd3 48. Kxg4 Qf5+ 49. Kf3 g5 50. Kg3 Qxf4+ 51. Kg2 g4 52. h4
Qf3+ 53. Kg1 g3 54. h5 Qf2+ 55. Kh1 Qh2# 0-1

[Event "Women's Speed Chess Q2"]
[Site "chess.com INT"]
[Date "2021.05.29"]
[Round "7"]
[White "Buksa, Nataliya"]
[Black "Cori T., Deysi"]
[Result "1/2-1/2"]
[WhiteTitle "IM"]
[BlackTitle "WGM"]
[WhiteElo "2414"]
[BlackElo "2388"]
[WhiteFideId "14123622"]
[BlackFideId "3801934"]
[EventDate "2021.05.29"]

1. e4 e6 2. d4 d5 3. Nd2 Be7 4. Ngf3 Nf6 5. e5 Nfd7 6. Bd3 c5 7. c3 b6 8. Qe2 a5
9. a4 Ba6 10. Bb5 Qc8 11. O-O Nc6 12. Nb3 h6 13. Ne1 cxd4 14. cxd4 Nb4 15. Bd2
Bxb5 16. axb5 Qc4 17. Qxc4 dxc4 18. Bxb4 Bxb4 19. Nc1 O-O 20. Nc2 Rfd8 21. Ne2
Nf8 22. Ra4 Ng6 23. Nxb4 axb4 24. Rxb4 Ra2 25. g3 Ne7 26. Nc3 Ra5 27. Rxc4 Nf5
28. Rd1 h5 29. Kg2 g5 30. h3 g4 31. hxg4 hxg4 32. d5 exd5 33. Rxg4+ Kf8 34. Rf4
Ne7 35. Rh1 Ng6 36. Rf5 d4 37. Rd1 Ke8 38. Ne2 d3 39. Nf4 Ne7 40. Rh5 Rd4 41.
Rh8+ Kd7 42. Rxd3 Rxd3 43. Nxd3 Rxb5 44. Kf3 Rb3 45. Ke2 Nf5 46. Kd2 Nd4 47. Rh7
Ke6 48. Rh6+ Kd5 49. f4 Ke4 50. Nf2+ Kf3 51. Nd1 Kxg3 52. Rf6 Kf3 53. Rxf7 Ke4
54. f5 Rd3+ 55. Kc1 Ne2+ 56. Kc2 Nd4+ 57. Kc1 Nb3+ 58. Kc2 Nd4+ 59. Kc1 1/2-1/2